000 00672nam a2200229Ia 4500
003 OSt
005 20240814142930.0
008 210716s2001 xx 000 0 und d
020 _a007136241X
040 _cAIMIT LIBRARY
041 _aeng
082 _a374.22
_21
_bVISK
100 _aViselman, Kenn.
_9177359
245 _aEight giant steps to global domination /
_cKenn Viselman.
250 _a1st ed.
260 _aNew York :
_bMc Graw Hill Book Company ,
_c2001.
300 _axxiii,181p. ;
_bHB
_c23 cm
650 _aFocus
_9177360
650 _aManaging expectations
_9177361
650 _aBe a non-traditionalist
_9177362
942 _2ddc
_cBK
_e1st
_k374.22 VISK
999 _c199555
_d199555